Guatemala : 2021 Article IV Consultation-Press Release; Staff Report; and Statement by the Executive Director for Guatemala.

Guatemala has managed to keep infections and deaths moderate during the pandemic. The economic impact of COVID-19 has been mild given an early reopening of the economy, unprecedented policy support, and resilient remittances and exports. However, despite large-scale government interventions to suppo...

Full description

Bibliographic Details
Corporate Author: International Monetary Fund. Western Hemisphere Dept
Format: Journal
Language:English
Published: Washington, D.C. : International Monetary Fund, 2021.
Series:IMF Staff Country Reports; Country Report ; No. 2021/111
Subjects:
Online Access:Full text available on IMF
LEADER 01774cas a2200301 a 4500
001 AALejournalIMF021621
008 230101c9999 xx r poo 0 0eng d
020 |c 5.00 USD 
020 |z 9781513573205 
022 |a 1934-7685 
040 |a BD-DhAAL  |c BD-DhAAL 
110 2 |a International Monetary Fund.  |b Western Hemisphere Dept. 
245 1 0 |a Guatemala :   |b 2021 Article IV Consultation-Press Release; Staff Report; and Statement by the Executive Director for Guatemala. 
264 1 |a Washington, D.C. :  |b International Monetary Fund,  |c 2021. 
300 |a 1 online resource (69 pages) 
490 1 |a IMF Staff Country Reports 
500 |a <strong>Off-Campus Access:</strong> No User ID or Password Required 
500 |a <strong>On-Campus Access:</strong> No User ID or Password Required 
506 |a Electronic access restricted to authorized BRAC University faculty, staff and students 
520 3 |a Guatemala has managed to keep infections and deaths moderate during the pandemic. The economic impact of COVID-19 has been mild given an early reopening of the economy, unprecedented policy support, and resilient remittances and exports. However, despite large-scale government interventions to support households, poverty and malnutrition have deteriorated following COVID-19 and the two major hurricanes battering Guatemala last November. 
538 |a Mode of access: Internet 
650 7 |a International Agreements  |2 imf 
650 7 |a International Organizations  |2 imf 
650 7 |a Monetary Policy  |2 imf 
650 7 |a Observance  |2 imf 
651 7 |a Guatemala  |2 imf 
830 0 |a IMF Staff Country Reports; Country Report ;  |v No. 2021/111 
856 4 0 |z Full text available on IMF  |u http://elibrary.imf.org/view/journals/002/2021/111/002.2021.issue-111-en.xml  |z IMF e-Library